Análisis numérico elemental
Saved in:
| Main Authors: | , |
|---|---|
| Format: | Bog |
| Sprog: | spansk |
| Udgivet: |
Ciudad de México
McGraw-Hill
1974
|
| Udgivelse: | 2a. ed |
| Fag: | |
| Tags: |
Tilføj Tag
Ingen Tags, Vær først til at tagge denne postø!
|
MARC
| LEADER | 00000nam a2200000 a 4500 | ||
|---|---|---|---|
| 001 | UCV4715 | ||
| 003 | CL-VaPUC | ||
| 008 | 910724e19740000MX |||||||||||||||||spa|d | ||
| 020 | |a 9684511949 | ||
| 082 | 0 | 4 | |a 519.4 |b CON |2 21 |
| 100 | 0 | |a Conte, Samuel Daniel |e author |9 298910 | |
| 700 | 0 | |a Boor, Carl de |e author |9 298911 | |
| 245 | 1 | 0 | |a Análisis numérico elemental |
| 250 | |a 2a. ed | ||
| 300 | |a 418 p | ||
| 942 | |c BK | ||
| 945 | |d 19910724 00:00:00 |a mfernand | ||
| 260 | |a Ciudad de México |b McGraw-Hill |c 1974 | ||
| 650 | 0 | |a Análisis numérico |9 259387 | |
| 650 | 0 | |a Proceso de datos |9 259776 | |
| 583 | |a last modification |c 20160104 00:44:09 |k Rodrigo Vera | ||
| 999 | |c 211417 |d 211415 | ||
| 952 | |0 0 |1 0 |4 0 |6 519_400000000000000_CON_1974 |7 0 |8 A |9 190672 |a BIBING |b BIBING |d 2019-11-14 |i 3067440 |o 519.4 CON 1974 |p 3067440 |r 2025-01-20 |w 2019-11-14 |y BK |k EIQ | ||
| 952 | |0 0 |1 0 |4 0 |6 519_400000000000000_CON_1974 |7 0 |8 A |9 190674 |a BIBMAT |b BIBMAT |d 2019-11-14 |i 1309056 |o 519.4 CON 1974 |p 1309056 |r 2025-01-07 |w 2019-11-14 |y BK |k MAT | ||